Country and City name changes - Statistics

General Stats
  • This quiz has been taken 35 times
  • The average score is 12 of 15
Answer Stats
Hint Answer % Correct
Myanmar was _____ until 1989 Burma
97%
This country was formerly Siam Thailand
97%
Former name of Istanbul 1 Constantinople
94%
After a dispute with Greece, this country added "North" to it's name Macedonia
94%
This country was formerly Swaziland Eswatini
90%
Democratic Republic of the Congo was named this between '71 and '96 Zaire
90%
Southern Rhodesia is now? Zimbabwe
90%
Former name of St Petersburg 2 Leningrad
87%
Prior to New York? New Amsterdam
87%
Democratic Kampuchea is now? Cambodia
84%
Former name of Sril Lanka Ceylon
84%
This country bordering Ethiopia gained independence in 2011 South Sudan
84%
Former name of Istanbul 2 Byzantium
55%
Former name of St Petersburg 1 Petrograd
26%
Harare in Zimbabwe prior to 1982 Salisbury
26%
No matching quizzes found
Score Distribution
Percent of People with Each Score
Percentile by Number Answered
Your Score History
You have not taken this quiz